LIBRARY & INFORMATION CENTRE, KCAET, TAVANUR

ONLINE PUBLIC ACCESS CATALOGUE (OPAC)

Public openion / (Record no. 1879)

MARC details
000 -LEADER
fixed length control field 00474cam a2200193ua 4500
041 ## - LANGUAGE CODE
Language code of text/sound track or separate title eng
082 ## - DEWEY DECIMAL CLASSIFICATION NUMBER
Classification number 303.38
Item number LAN/PU
100 ## - MAIN ENTRY--AUTHOR NAME
Personal name Lane, Robert.E .
245 ## - TITLE STATEMENT
Title Public openion /
250 ## - EDITION STATEMENT
Edition statement 1 /
260 ## - PUBLICATION, DISTRIBUTION, ETC. (IMPRINT)
Place of publication New Delhi :
Name of publisher Prentice Hall of India Pvt Ltd. ,
Year of publication 1964.
300 ## - PHYSICAL DESCRIPTION
Number of Pages 120 ; .
700 1# - ADDED ENTRY--PERSONAL NAME
Personal name Sears, David.O .
942 ## - ADDED ENTRY ELEMENTS (KOHA)
Koha item type Books
Holdings
Withdrawn status Lost status Damaged status Home library Current library Date acquired Full call number Accession Number Koha item type
Withdrawn     KAUAET Malayalam University 07/04/2012 303.38 10807 Books
free website counter